[Event "2015 Standard Chess Dropout Tournament, Round 1"]
[Site "SchemingMind.com"]
[Date "2014.11.04"]
[Round "1"]
[White "pjl1015"]
[Black "BlueMooner"]
[Result "1-0"]
[WhiteCountry "USA"]
[BlackCountry "ENG"]
[WhiteElo "2536"]
[WhiteRD "109"]
[BlackElo "1948"]
[BlackRD "99"]
[GameID "368300"]

1. e4 c5 2. Nf3 d6 3. Nc3 a6 4. d4 cxd4 5. Nxd4 Nf6 6. Be2 e5 7. Nb3 Be7 8. Qd3 Be6 9. O-O O-O 10. Bd2 d5
11. exd5 Nxd5 12. Nxd5 Qxd5 13. Qxd5 Bxd5 14. Be3 Nc6 15. Rfd1 Rad8 16. Bb6 Rd7 17. Bc4 Bd8 18. Bxd8 Rfxd8 19. Nc5
1-0

[Event "2015 Standard Chess Dropout Tournament, Round 1"]
[Site "SchemingMind.com"]
[Date "2014.11.07"]
[Round "1"]
[White "mmccaffe"]
[Black "Helga1946"]
[Result "0-1"]
[WhiteCountry "USA"]
[BlackCountry "GER"]
[WhiteElo "1717"]
[WhiteRD "57"]
[BlackElo "2150"]
[BlackRD "78"]
[GameID "368301"]

1. Nf3 d5 2. g3 Nf6 3. d4 c6 4. Bg2 e6 5. O-O Be7 6. b3 O-O 7. Bb2 Qc7 8. Nbd2 b6 9. c4 Nbd7 10. Rc1 Bb7
11. e3 Rad8 12. Qe2 a5 13. Ne5 Nxe5 14. dxe5 Nd7 15. f4 Ba6 16. Qf3 Nc5 17. f5 exf5 18. Qxf5 dxc4 19. Nxc4 g6 20. Qf4 Nd3
0-1

[Event "2015 Standard Chess Dropout Tournament, Round 1"]
[Site "SchemingMind.com"]
[Date "2014.11.03"]
[Round "1"]
[White "pmdpsp"]
[Black "daki"]
[Result "1/2-1/2"]
[WhiteCountry "GER"]
[BlackCountry "SRB"]
[WhiteElo "1844"]
[WhiteRD "88"]
[BlackElo "2002"]
[BlackRD "102"]
[GameID "368302"]

1. c4 Nf6 2. Nc3 d5 3. d4 e6 4. a3 Nc6 5. Bf4 Bd6 6. Bg3 dxc4 7. Bxd6 cxd6 8. e4 Qa5 9. Bxc4 Nxe4 10. Ne2 Nxc3
11. bxc3 O-O 12. O-O b5 13. Bd3 g6 14. Qb3 Ba6 15. Rfe1 Ne7 16. a4 Rab8 17. axb5 Qb6 18. c4 Bb7 19. Ra4 Rfc8 20. Qb2 a6
21. Rb4 axb5 22. Rxb5 Qc6 23. f3 Qd7 24. Nf4 Rc7 25. Be4 Nc6 26. d5 Ne5 27. dxe6 fxe6 28. Nxe6 Qxe6 29. Bxb7 Nxf3+ 30. gxf3 Qxe1+
31. Kg2 Rcxb7= 32. Rxb7 Rxb7 33. Qxb7 Qe2+ 34. Kg3 Qe5+ 35. Kg2 Qe2+=
1/2-1/2

[Event "2015 Standard Chess Dropout Tournament, Round 1"]
[Site "SchemingMind.com"]
[Date "2014.11.07"]
[Round "1"]
[White "pnwmusichound"]
[Black "Dom P"]
[Result "1-0"]
[WhiteCountry "USA"]
[BlackCountry "ENG"]
[WhiteElo "1953"]
[WhiteRD "96"]
[BlackElo "1553"]
[BlackRD "90"]
[GameID "368303"]

1. e4 e5 2. Nc3 d6 3. f4 Nc6 4. Nf3 exf4 5. d4 g6 6. Bxf4 Bg7 7. Bc4 Nf6 8. O-O O-O 9. Qd2 Bg4 10. a3 Nh5
11. Bh6 Bxf3 12. Bxg7 Bxg2 13. Bxf8 Bxf1 14. Rxf1 Kxf8 15. Qh6+ Kg8 16. Rxf7 Kh8 17. Qxh7#
1-0

[Event "2015 Standard Chess Dropout Tournament, Round 1"]
[Site "SchemingMind.com"]
[Date "2014.11.05"]
[Round "1"]
[White "private napoleon"]
[Black "CB"]
[Result "1-0"]
[WhiteCountry "ENG"]
[BlackCountry "ENG"]
[WhiteElo "1837"]
[WhiteRD "75"]
[BlackElo "1522"]
[BlackRD "107"]
[GameID "368304"]

1. b4 e5 2. Bb2 f6 3. a3 d5 4. e3 Nc6 5. c4 d4 6. Nf3 Bg4 7. Be2 Nge7 8. O-O Qd7 9. e4 Ng6 10. d3 Nf4
11. Nbd2 O-O-O 12. Re1 Nxe2+ 13. Qxe2 g6 14. h3 Bxf3 15. Qxf3 Bh6 16. Nb3 b6 17. b5 Na5 18. Nxa5 bxa5 19. Qxf6 Bg7 20. Qa6+ Kb8
21. Qxa5 Qd6 22. Rec1 Rhf8 23. c5 Qf6 24. c6 Qxf2+ 25. Kh1 Qxb2 26. Qa6
1-0

[Event "2015 Standard Chess Dropout Tournament, Round 1"]
[Site "SchemingMind.com"]
[Date "2014.11.04"]
[Round "1"]
[White "Ramesh Panwar"]
[Black "michel"]
[Result "1/2-1/2"]
[WhiteCountry "IND"]
[BlackCountry "CAN"]
[WhiteElo "2207"]
[WhiteRD "52"]
[BlackElo "2340"]
[BlackRD "61"]
[GameID "368305"]

1. d4 Nf6 2. c4 c5 3. d5 b5 4. cxb5 a6 5. bxa6 g6 6. Nc3 Bxa6 7. Nf3 Bg7 8. g3 d6 9. Bg2 Nbd7 10. O-O Nb6
11. Re1 O-O 12. Bg5 h6 13. Bc1 Ra7 14. e4 Nfd7 15. Qb3 Nc4 16. Nb5 Na5 17. Qa4 Rb7 18. Nc3 Rb4 19. Qc2 Nc4 20. a3 Rb8
21. b4 Nce5 22. Nxe5 Nxe5 23. Bd2 Bd3 24. Qd1 cxb4 25. axb4 Rxb4 26. Na4 Rb7 27. Bc3 Bb5 28. Bf1 Bxf1 29. Rxf1 Qb8 30. Qe2 Rc8
31. Kg2 Rb3 32. Rfc1 Nd7=
1/2-1/2

[Event "2015 Standard Chess Dropout Tournament, Round 1"]
[Site "SchemingMind.com"]
[Date "2014.11.08"]
[Round "1"]
[White "Raimondi"]
[Black "Glenn O'Brien"]
[Result "0-1"]
[WhiteCountry "PER"]
[BlackCountry "AUS"]
[WhiteElo "1705"]
[WhiteRD "89"]
[BlackElo "2047"]
[BlackRD "76"]
[GameID "368306"]

1. e4 e5 2. Nf3 Nc6 3. Bb5 a6 4. Ba4 Nf6 5. O-O Be7 6. Re1 b5 7. Bb3 O-O 8. c3 d6 9. h3 Na5 10. Bc2 c5
11. d4 Qc7 12. Bg5 h6 13. Bh4 Nc4 14. b3 Nb6 15. Qe2 cxd4 16. cxd4 g5 17. Bg3 g4 18. dxe5 gxf3 19. Qxf3 dxe5 20. Qe3 Qxc2
0-1

[Event "2015 Standard Chess Dropout Tournament, Round 1"]
[Site "SchemingMind.com"]
[Date "2014.11.08"]
[Round "1"]
[White "saxon"]
[Black "clare1347"]
[Result "1-0"]
[WhiteCountry "GER"]
[BlackCountry "ENG"]
[WhiteElo "2537"]
[WhiteRD "112"]
[BlackElo "2257"]
[BlackRD "81"]
[GameID "368307"]

1. d4 Nf6 2. c4 e5 3. dxe5 Ng4 4. Nf3 Bc5 5. e3 Nc6 6. Be2 O-O 7. O-O Ncxe5 8. Nxe5 Nxe5 9. Nc3 d6 10. Na4 Qe7
11. b3 Bd7 12. Nxc5 dxc5 13. Qc2 Bc6 14. Qc3 f5 15. Bb2 Ng6 16. Rae1 Rf7 17. f3 Qg5 18. Bc1 Rd7 19. Rd1 Rxd1 20. Bxd1 Rd8
21. Be2 b6 22. a3 a5 23. b4 axb4 24. axb4 cxb4 25. Qxb4 Kh8 26. Qc3 Qe7= 27. Bb2 Re8 28. Rf2 Qd7 29. Bf1 Qf7 30. h3 Re7
31. Rd2 h6 32. Rd8+ Kh7 33. Kf2 Ne5 34. Be2 Rd7 35. Rxd7 Nxd7 36. Qd4 Nc5 37. Qe5 Kg8 38. Bc3 Ne6 39. Bd3 f4 40. exf4 Nxf4
41. Bb1 Bb7 42. h4 Ne6 43. Bf5 Bc8 44. Ke3 Bd7 45. h5 Qe7 46. g4 Kf8 47. f4 Bc8 48. Qe4 Bd7 49. Qe5 Qc5+ 50. Qxc5+ Nxc5
51. Bxd7 Nxd7 52. g5 hxg5 53. fxg5 c6 54. Bd4 b5 55. c5 Kg8 56. Ke4 b4 57. Kd3 Nf8 58. Kc4 Ne6 59. Be3 Nc7 60. Bd2 Nd5
61. Bxb4 Nf4 62. Bd2 Nxh5 63. Kd4 Kf7 64. Ke5 Ng3 65. Be1 Ne2 66. Kd6 Nd4 67. Bf2 Nf5+ 68. Kd7 g6 69. Bg1 Ng7 70. Kxc6 Ne6
71. Be3 Ke8 72. Kd5
1-0

[Event "2015 Standard Chess Dropout Tournament, Round 1"]
[Site "SchemingMind.com"]
[Date "2014.11.08"]
[Round "1"]
[White "Selwyn"]
[Black "startstek"]
[Result "1-0"]
[WhiteCountry "AUS"]
[BlackCountry "ALG"]
[WhiteElo "2435"]
[WhiteRD "80"]
[BlackElo "1893"]
[BlackRD "126"]
[GameID "368309"]

1. d4 Nf6 2. c4 g6 3. Nc3 Bg7 4. e4 d6 5. Nf3 O-O 6. Be2 e5 7. O-O Nc6 8. d5 Ne7 9. Ne1 Nd7 10. Be3 f5
11. f3 f4 12. Bf2 g5 13. Nd3 Nf6 14. c5 Ng6 15. a4 Rf7 16. a5 Bf8 17. a6 b6 18. cxb6 cxb6 19. Nb4 h5 20. Nc6 Qe8
21. Nb5 g4 22. Qb3 g3 23. hxg3 fxg3 24. Bxg3 h4 25. Bh2 Nh5 26. Kf2 Ngf4 27. Rg1 Ng3 28. Bd3 Rg7 29. Ke1 Qh5 30. Bc4 Qg5
31. Kd1 Qh5 32. Qe3 Qg5 33. Ncxa7 Raxa7 34. Nxa7 Rxa7 35. Qxb6 Qe7 36. b4 Bh6 37. Qb8 Rc7 38. a7 Rxc4 39. a8=Q Rd4+ 40. Kc2 Rc4+
41. Kb3
1-0

[Event "2015 Standard Chess Dropout Tournament, Round 1"]
[Site "SchemingMind.com"]
[Date "2014.11.05"]
[Round "1"]
[White "simon_w"]
[Black "Fjoskrakk"]
[Result "1-0"]
[WhiteCountry "IRL"]
[BlackCountry "NOR"]
[WhiteElo "1847"]
[WhiteRD "103"]
[BlackElo "1997"]
[BlackRD "110"]
[GameID "368310"]

1. e4 c5 2. Nf3 Nc6 3. d4 cxd4 4. Nxd4 Nf6 5. Nc3 e6 6. Ndb5 d6 7. Bf4 e5 8. Bg5 a5 9. Bxf6 gxf6 10. Nd5 Be6
11. Nbc7+ Kd7 12. Nxa8 Bxd5 13. Qxd5 Qxa8 14. Qxf7+ Be7 15. O-O-O Qg8 16. Qxg8 Rxg8 17. g3 Nd4 18. c3 Ne6 19. Bb5+ Kc7 20. Rd2 Rd8
21. Rhd1 Bf8 22. Kc2 Nc5 23. f3 h6 24. Bc4 Rd7 25. b4 axb4 26. cxb4 Na6 27. Bxa6 bxa6 28. Kb3 Kb7 29. a4 Be7 30. Rd5 Rc7
31. b5 axb5 32. axb5 Kc8 33. Kb4 Rc2 34. Rxd6 Rxh2 35. Ka5 Bxd6 36. Rxd6 Rh3 37. Rxf6 Rxg3 38. Kb6 h5 39. Kc6 Kd8 40. b6 Rg1
41. Rd6+ Ke8 42. b7 Rc1+ 43. Kb6 Ke7 44. Rc6 Ra1 45. Rc5 Kd7 46. Rb5
1-0

[Event "2015 Standard Chess Dropout Tournament, Round 1"]
[Site "SchemingMind.com"]
[Date "2014.11.04"]
[Round "1"]
[White "Sir Osis of the Liver"]
[Black "Selwyn"]
[Result "0-1"]
[WhiteCountry "ENG"]
[BlackCountry "AUS"]
[WhiteElo "1613"]
[WhiteRD "87"]
[BlackElo "2431"]
[BlackRD "77"]
[GameID "368311"]

1. e4 c5 2. Bc4 Nc6 3. a3 Nf6 4. d3 d6 5. Nf3 g6 6. h3 Bg7 7. O-O O-O 8. Nc3 Bd7 9. Bg5 Nd4 10. Nxd4 cxd4
11. Nd5 e6 12. Nxf6+ Bxf6 13. Bh6 Re8 14. c3 dxc3 15. bxc3 b5 16. Ba2 Bxc3 17. Rc1 Qa5 18. Qf3 Rac8 19. Qg4 Qxa3 20. Rc2 Bg7
21. Rxc8 Rxc8 22. Qf4 Bxh6 23. Qxh6 Qxa2 24. Qg5 b4 25. f4 b3 26. Qe7 b2 27. Qxd7 Rc1 28. Rxc1 bxc1=Q+ 29. Kh2 Qxf4+
0-1

[Event "2015 Standard Chess Dropout Tournament, Round 1"]
[Site "SchemingMind.com"]
[Date "2014.11.07"]
[Round "1"]
[White "Adrian Grajczak"]
[Black "Evans9EN"]
[Result "1-0"]
[WhiteCountry "POL"]
[BlackCountry "WLS"]
[WhiteElo "2218"]
[WhiteRD "74"]
[BlackElo "1966"]
[BlackRD "79"]
[GameID "368312"]

1. e4 e5 2. Nf3 Nc6 3. Bb5 a6 4. Ba4 Nf6 5. d3 d6 6. c3 g6 7. O-O Bg7 8. h3 O-O 9. Be3 Qe7 10. Nbd2 Nh5
11. d4 exd4 12. cxd4 Bd7 13. Rc1 f5 14. exf5 gxf5 15. Bb3+ Be6 16. d5 f4 17. Bb6 cxb6 18. Re1 Na5 19. Rxe6 Qd7 20. Ba4 b5
21. b4 bxa4 22. bxa5 Rae8 23. Ng5 Nf6 24. Nc4 Bh6 25. Rxd6 Qf5 26. Nf3 Rf7 27. Qxa4 Rc8 28. Re1 Bf8 29. Rde6 Rg7 30. Kh1 Qg6
31. Rg1 Qf5 32. Re5 Qd7 33. Qb3 Qb5 34. Qxb5 axb5 35. Nb6 Rc2 36. Rd1 Rxf2 37. d6 Rgxg2 38. d7 Nxd7 39. Nxd7 Bg7 40. Rxb5 Rxa2
41. Rxb7 Rg3 42. Nde5 Rxa5 43. Rd8+
1-0

[Event "2015 Standard Chess Dropout Tournament, Round 1"]
[Site "SchemingMind.com"]
[Date "2014.11.08"]
[Round "1"]
[White "smothered mate"]
[Black "Archon"]
[Result "0-1"]
[WhiteCountry "POL"]
[BlackCountry "CAN"]
[WhiteElo "1936"]
[WhiteRD "67"]
[BlackElo "1775"]
[BlackRD "82"]
[GameID "368313"]

1. d4 d6 2. c4 e5 3. d5 f5 4. e4 fxe4 5. Nc3 Nf6 6. Bg5 Be7 7. Bxf6 Bxf6 8. Nxe4 Nd7 9. Bd3 O-O 10. Nf3 Nc5
11. Nxc5 dxc5 12. Be4 Bg4 13. Qc2 h6 14. Nd2 Qd7 15. f3 Bh5 16. Bf5 Qxf5 17. Qxf5 Bh4+ 18. g3 Rxf5 19. gxh4 Bxf3 20. O-O Raf8
21. Rae1 e4 22. Re3 Rf4 23. Nxf3 exf3 24. b3 Rg4+ 25. Kh1 Rxh4 26. Rexf3 Rxf3 27. Rxf3 Re4 28. Rf2 g5 29. Kg2 Kg7 30. Rd2 Kf6
31. Kf3 Re1 32. Kg4 Re4+ 33. Kg3 Re1 34. Kg4 Re4+ 35. Kf3 Re8 36. Rf2 h5 37. h4 g4+ 38. Kf4 Kg6 39. Kg3 a6 40. Rd2 Kf6
41. Rf2+ Ke7 42. Rf5 Rh8 43. a3 Kd6 44. Kf4 c6 45. Rf6+ Ke7 46. Re6+ Kd7 47. Ke5 Re8 48. dxc6+ bxc6 49. Rxe8 Kxe8 50. Kf4 Ke7
0-1

[Event "2015 Standard Chess Dropout Tournament, Round 1"]
[Site "SchemingMind.com"]
[Date "2014.11.08"]
[Round "1"]
[White "startstek"]
[Black "nammy"]
[Result "1-0"]
[WhiteCountry "ALG"]
[BlackCountry "ENG"]
[WhiteElo "1893"]
[WhiteRD "126"]
[BlackElo "961"]
[BlackRD "85"]
[GameID "368314"]

1. e4 e5 2. Nf3 Bd6 3. c3 Nf6 4. d3 c6 5. Be2 Bc7 6. O-O O-O 7. Nbd2 Bd6 8. d4 Be7 9. dxe5 Ng4 10. h3 Nh6
11. Nc4 Qc7 12. g4 b5 13. Nd6 Ba6 14. g5 c5 15. gxh6 Nc6 16. hxg7 Kxg7 17. Kh1 f6 18. Rg1+ Kh8 19. Bh6 Rfd8 20. Nf7#
1-0

[Event "2015 Standard Chess Dropout Tournament, Round 1"]
[Site "SchemingMind.com"]
[Date "2014.11.04"]
[Round "1"]
[White "Stephen Woodhouse"]
[Black "peeuukoo"]
[Result "1-0"]
[WhiteCountry "ENG"]
[BlackCountry "FIN"]
[WhiteElo "1856"]
[WhiteRD "50"]
[BlackElo "1817"]
[BlackRD "96"]
[GameID "368315"]

1. e4 e5 2. Nf3 Nc6 3. d4 exd4 4. Nxd4 Bc5 5. Be3 Qf6 6. c3 Nge7 7. Bc4 Ne5 8. Be2 Qg6 9. O-O Qxe4 10. Nb5 Bxe3
11. Nxc7+ Kd8 12. Nxa8 Bf4 13. g3 Bh6 14. Nd2 Qc6 15. Nf3 Nxf3+ 16. Bxf3 Qc5 17. Qb3 Nc6 18. Rad1 Na5 19. Qxf7 Rf8 20. Qd5 Qxd5
21. Bxd5 Nc6 22. f4 g6 23. Rfe1 Bg7 24. Re4 Bf6 25. Ra4 b5 26. Ra3 Bb7 27. Bxc6 Bxc6 28. Rxa7 Be7 29. b4 d6 30. Nc7 Rf5
31. Ne6+
1-0

[Event "2015 Standard Chess Dropout Tournament, Round 1"]
[Site "SchemingMind.com"]
[Date "2014.11.06"]
[Round "1"]
[White "Sully7"]
[Black "edg"]
[Result "1-0"]
[WhiteCountry "IRL"]
[BlackCountry "USA"]
[WhiteElo "2175"]
[WhiteRD "80"]
[BlackElo "1713"]
[BlackRD "74"]
[GameID "368316"]

1. Nf3 d6 2. d4 Nf6 3. c4 Nc6 4. Nc3 g6 5. Bg5 Bg7 6. d5 Ne5 7. e4 Bg4 8. Be2 Nxf3+ 9. Bxf3 Bd7 10. O-O c6
11. Qd2 O-O 12. Bh6 Qa5 13. Bxg7 Kxg7 14. Rfe1 c5 15. e5 dxe5 16. Rxe5 Ng8 17. Rae1 f6 18. R5e3 Rae8 19. d6 e6 20. Bxb7 Rb8
21. Be4 Rfe8 22. Rh3 f5 23. Bf3 Qa6 24. b3 h6 25. Re5 Qa5 26. Qe3 Qa3 27. Qxc5 Qb2 28. Qd4 Kh7 29. c5 Rec8 30. Kf1 Bb5+
31. Nxb5 Qxd4 32. Nxd4 Nf6 33. Rxe6 Kg7 34. Re7+ Kg8 35. Rxh6
1-0

[Event "2015 Standard Chess Dropout Tournament, Round 1"]
[Site "SchemingMind.com"]
[Date "2014.11.04"]
[Round "1"]
[White "surfnsuds"]
[Black "Adrian Grajczak"]
[Result "0-1"]
[WhiteCountry "USA"]
[BlackCountry "POL"]
[WhiteElo "1403"]
[WhiteRD "88"]
[BlackElo "2175"]
[BlackRD "81"]
[GameID "368317"]

1. d4 Nf6 2. c4 g6 3. Nc3 d5 4. cxd5 Nxd5 5. e4 Nxc3 6. bxc3 Bg7 7. Bc4 O-O 8. Ne2 c5 9. O-O Nc6 10. dxc5 Qc7
11. Nd4 Ne5 12. Qe2 Qxc5 13. Bb3 Qxc3 14. Nc2 a5 15. Bd2 Qc5 16. Rac1 Bg4 17. Qe3 Qd6 18. Qf4 Rad8 19. Bd5 e6 20. Bxa5 Nf3+
21. Qxf3 Bxf3 22. gxf3 exd5 23. Bxd8 Rxd8 24. Rfd1 Qf4 25. Nd4 Bxd4 26. Rb1 dxe4
0-1

[Event "2015 Standard Chess Dropout Tournament, Round 1"]
[Site "SchemingMind.com"]
[Date "2014.11.03"]
[Round "1"]
[White "The Capitalist"]
[Black "Ramesh Panwar"]
[Result "0-1"]
[WhiteCountry "USA"]
[BlackCountry "IND"]
[WhiteElo "1501"]
[WhiteRD "96"]
[BlackElo "2207"]
[BlackRD "52"]
[GameID "368318"]

1. e4 e5 2. Nf3 Nc6 3. Bb5 a6 4. Ba4 Nf6 5. O-O b5 6. Bb3 Bb7 7. Ng5 d5 8. exd5 Nd4 9. d6 Nxb3 10. dxc7 Qd5
11. cxb3 Qxg2#
0-1

[Event "2015 Standard Chess Dropout Tournament, Round 1"]
[Site "SchemingMind.com"]
[Date "2014.11.08"]
[Round "1"]
[White "thebirdolux"]
[Black "Brian_Jones"]
[Result "1/2-1/2"]
[WhiteCountry "USA"]
[BlackCountry "AUS"]
[WhiteElo "2466"]
[WhiteRD "96"]
[BlackElo "2310"]
[BlackRD "123"]
[GameID "368320"]

1. e4 Nc6 2. d4 d5 3. Nc3 dxe4 4. d5 Ne5 5. Qd4 Ng6 6. Bb5+ Bd7 7. Bxd7+ Qxd7 8. Nge2 Nf6 9. Bg5 h6 10. Bxf6 exf6
11. Nxe4 f5 12. Nc5 Bxc5 13. Qxc5 b6 14. Qe3+ Qe7 15. Qxe7+ Nxe7 16. O-O-O O-O-O 17. c4 c6 18. dxc6 Nxc6 19. Rhf1 Rhe8 20. Rxd8+ Rxd8=
21. b3 g6 22. Nc3 f4 23. a3 f3 24. g3 Nd4 25. Kb2 Ne6 26. Nd5 Nc7 27. Rd1 Nxd5 28. Rxd5 Rxd5 29. cxd5 Kd7 30. Kc3 Kd6
31. Kd4 h5 32. h3 b5 33. Ke4 f5+ 34. Kxf3 Kxd5 35. Kf4 a5 36. Kg5 Kd4 37. Kxg6 Kc3 38. Kxh5 Kxb3 39. g4 fxg4 40. hxg4 Kxa3
41. f4=
1/2-1/2

[Event "2015 Standard Chess Dropout Tournament, Round 1"]
[Site "SchemingMind.com"]
[Date "2014.11.08"]
[Round "1"]
[White "Timaeus"]
[Black "Simon Green"]
[Result "0-1"]
[WhiteCountry "JPN"]
[BlackCountry "ENG"]
[WhiteElo "1471"]
[WhiteRD "89"]
[BlackElo "1649"]
[BlackRD "54"]
[GameID "368321"]

1. e4 e6 2. d3 d5 3. exd5 exd5 4. g3 Nf6 5. Bg5 Be7 6. Nc3 Be6 7. Nf3 c5 8. Be2 Nc6 9. Qd2 O-O 10. d4 Ne4
11. Qe3 Nxc3 12. bxc3 c4 13. Rb1 b6 14. O-O Re8 15. Ne5 Nxe5 16. Bxe7 Rxe7 17. Qxe5 Bh3 18. Qf4 Bxf1 19. Kxf1 Qe8 20. Re1 Qa4
21. Bh5 Rxe1+ 22. Kxe1 Re8+ 23. Kd2 g6 24. Bf3 Qd7 25. Bg4 Qe7 26. h4 Qe1#
0-1

[Event "2015 Standard Chess Dropout Tournament, Round 1"]
[Site "SchemingMind.com"]
[Date "2014.11.04"]
[Round "1"]
[White "Uzi Mike"]
[Black "James Reed"]
[Result "1-0"]
[WhiteCountry "USA"]
[BlackCountry "ENG"]
[WhiteElo "2055"]
[WhiteRD "97"]
[BlackElo "1301"]
[BlackRD "70"]
[GameID "368322"]

1. d4 d5 2. Bf4 Bf5 3. e3 Nf6 4. Bd3 Bxd3 5. Qxd3 Nc6 6. Nf3 e6 7. O-O h6 8. Qb5 Rb8 9. c4 a6 10. Qb3 Be7
11. Nc3 O-O 12. cxd5 exd5 13. Rfd1 Qd7 14. Rac1 Rfe8 15. Ne5 Nxe5 16. dxe5 Nh5 17. Nxd5 Nxf4 18. exf4 Rec8 19. Nf6+ Bxf6 20. Rxd7
1-0

[Event "2015 Standard Chess Dropout Tournament, Round 1"]
[Site "SchemingMind.com"]
[Date "2014.11.08"]
[Round "1"]
[White "white bishop"]
[Black "xarxziux"]
[Result "1/2-1/2"]
[WhiteCountry "PHI"]
[BlackCountry "IRL"]
[WhiteElo "2102"]
[WhiteRD "96"]
[BlackElo "1917"]
[BlackRD "79"]
[GameID "368323"]

1. e4 d6 2. d4 Nf6 3. Nc3 e5 4. Nf3 Nbd7 5. Bc4 Be7 6. O-O O-O 7. a4 c6 8. Re1 a5 9. h3 Nb6 10. Bb3 Nfd7
11. Be3 exd4 12. Nxd4 Nc5 13. Qf3 Be6 14. Rad1 Bxb3 15. cxb3 Nbd7 16. Qg3 Ne5 17. Kh1 Bh4 18. Qh2 g6 19. Nf3 Nxf3 20. gxf3 Nxb3
21. Rxd6 Qe7 22. Red1 Bf6 23. Rd7 Qb4 24. Kg2 Nc5 25. Bxc5 Qxc5 26. Qd6 Qxd6 27. R7xd6 Bg5 28. Kg3 Rfd8 29. f4 Rxd6 30. Rxd6 Rd8
31. e5 Rxd6 32. exd6 Bd8 33. Ne4 b6 34. f5 gxf5 35. Nd2 Kf8 36. Kf4 Ke8 37. Kxf5 Kd7 38. Ne4 b5 39. b3 bxa4 40. bxa4 Bb6
41. Ke5 h6 42. f3 Bg1 43. h4 h5 44. f4 Be3 45. f5=
1/2-1/2

[Event "2015 Standard Chess Dropout Tournament, Round 1"]
[Site "SchemingMind.com"]
[Date "2014.11.08"]
[Round "1"]
[White "wilfried"]
[Black "mmccaffe"]
[Result "1-0"]
[WhiteCountry "GER"]
[BlackCountry "USA"]
[WhiteElo "2512"]
[WhiteRD "121"]
[BlackElo "1718"]
[BlackRD "59"]
[GameID "368324"]

1. d4 d5 2. c4 e6 3. Nf3 Nf6 4. Nc3 Be7 5. Bf4 O-O 6. Rc1 a6 7. e3 c6 8. Qc2 Nbd7 9. cxd5 exd5 10. Bd3 g6
11. O-O Nh5 12. Bh6 Re8 13. h3 Bf8 14. Bxf8 Nxf8 15. Rfe1 Nf6 16. a3 Be6 17. Na4 N8d7 18. b4 Nb6 19. Nc5 Bc8 20. a4 Nbd7
21. Rb1 Nxc5 22. bxc5 Ne4 23. Ne5 Nf6 24. f4 Nd7 25. Qf2 Nxe5 26. fxe5 Rf8 27. Rf1 Kg7 28. h4 f6 29. exf6+ Qxf6 30. Qg3 Qe7
31. h5 Rxf1+ 32. Rxf1 Be6 33. hxg6 hxg6 34. Qxg6+
1-0

[Event "2015 Standard Chess Dropout Tournament, Round 1"]
[Site "SchemingMind.com"]
[Date "2014.11.03"]
[Round "1"]
[White "wojowhiskey"]
[Black "lawyertheologian"]
[Result "0-1"]
[WhiteCountry "USA"]
[BlackCountry "USA"]
[WhiteElo "1655"]
[WhiteRD "85"]
[BlackElo "1952"]
[BlackRD "88"]
[GameID "368325"]

1. e4 Nf6 2. Nc3 d5 3. e5 Ne4 4. Nxe4 dxe4 5. d4 exd3 6. Qxd3 Qxd3 7. Bxd3 Nc6 8. Bf4 g5 9. Bg3 Bg7 10. Nf3 g4
11. Nd4 Nxd4 12. O-O-O Bd7 13. Bc4 Ne6 14. Rd2 Bh6 15. Rd1 O-O-O 16. Kb1 Bxd2
0-1

[Event "2015 Standard Chess Dropout Tournament, Round 1"]
[Site "SchemingMind.com"]
[Date "2014.11.08"]
[Round "1"]
[White "xarxziux"]
[Black "wilfried"]
[Result "1/2-1/2"]
[WhiteCountry "IRL"]
[BlackCountry "GER"]
[WhiteElo "1911"]
[WhiteRD "75"]
[BlackElo "2480"]
[BlackRD "119"]
[GameID "368327"]

1. d4 d5 2. c4 c6 3. Nf3 Nf6 4. Nc3 e6 5. Bg5 h6 6. Bh4 dxc4 7. e4 g5 8. Bg3 b5 9. Be2 b4 10. Na4 Nxe4
11. Be5 Nf6 12. Nc5 c3 13. bxc3 bxc3 14. Qb3 g4 15. O-O Bxc5 16. dxc5 gxf3 17. Bxf3 O-O 18. Bxb8 Ba6 19. Bd6 Bxf1 20. Rxf1 Nd5
21. Bxd5 cxd5 22. Bxf8 Kxf8 23. Qxc3 d4 24. Qd2 Kg7 25. Rd1 Rc8 26. Qxd4+ Qxd4 27. Rxd4 Rxc5 28. g4 h5 29. gxh5 Rg5+ 30. Kf1 Rxh5
31. Ra4 a5 32. Kg2 Rg5+ 33. Kf3 Rd5 34. Kg3=
1/2-1/2

[Event "2015 Standard Chess Dropout Tournament, Round 1"]
[Site "SchemingMind.com"]
[Date "2014.11.08"]
[Round "1"]
[White "zygyzag"]
[Black "Marco_M"]
[Result "0-1"]
[WhiteCountry "ENG"]
[BlackCountry "ITA"]
[WhiteElo "2142"]
[WhiteRD "101"]
[BlackElo "2178"]
[BlackRD "117"]
[GameID "368328"]

1. Nf3 Nf6 2. c4 b6 3. d4 e6 4. g3 Ba6 5. b3 b5 6. cxb5 Bxb5 7. Bg2 d5 8. O-O Nbd7 9. Nc3 Ba6 10. Ne5 c6
11. Nd3 Rc8 12. Na4 Bb5 13. Nac5 Nxc5 14. Nxc5 Bxc5 15. dxc5 Qe7 16. a4 Ba6 17. b4 O-O 18. Bb2 e5
0-1

[Event "2015 Standard Chess Dropout Tournament, Round 2"]
[Site "SchemingMind.com"]
[Date "2015.03.11"]
[Round "2"]
[White "2curious"]
[Black "peeuukoo"]
[Result "1/2-1/2"]
[WhiteCountry "USA"]
[BlackCountry "FIN"]
[WhiteElo "2088"]
[WhiteRD "129"]
[BlackElo "1855"]
[BlackRD "95"]
[GameID "376562"]

1. c4 Nf6 2. d4 g6 3. Nc3 Bg7 4. e4 d6 5. f3 O-O 6. Be3 a6 7. Bd3 Nc6 8. Qd2 Re8 9. Nge2 Bd7 10. O-O Rb8
11. a4 Na5 12. Rab1 b6 13. b4 Nb7 14. e5 dxe5 15. dxe5 Nh5 16. g4 Bxe5 17. gxh5 Bh3 18. hxg6 hxg6 19. Rfe1 e6 20. Ne4 Bg7
21. Nf4 Bf5 22. c5 bxc5 23. bxc5 Bxe4 24. Bxe4 Qxd2 25. Bxd2 Nxc5 26. Bc2 Rbd8 27. Bb4 Nd7 28. a5 c5 29. Ba3 Bd4+ 30. Kg2 Kg7
31. Ba4 Rh8 32. Rb7 Nf8 33. Nxe6+ Nxe6 34. Rxe6 Bf6 35. Bxc5 Rd2+ 36. Bf2 Bd4 37. Ree7 Rxf2+ 38. Kg3 Rf8 39. Bb3 Rb2 40. Rxf7+ Rxf7
41. Rxf7+ Kh6 42. Bc4 Bc3 43. Bxa6 Bxa5 44. Bd3 Rb6 45. h3 Bc3 46. f4 Bg7 47. Rc7 Re6 48. Kg4 Rd6 49. Bc2 Rb6 50. Be4= Rd6
51. Rc8 Rb6=
1/2-1/2

[Event "2015 Standard Chess Dropout Tournament, Round 2"]
[Site "SchemingMind.com"]
[Date "2015.03.11"]
[Round "2"]
[White "Adrian Grajczak"]
[Black "gabeeg"]
[Result "0-1"]
[WhiteCountry "POL"]
[BlackCountry "USA"]
[WhiteElo "2199"]
[WhiteRD "76"]
[BlackElo "2211"]
[BlackRD "86"]
[GameID "376564"]

1. e4 d6 2. d4 e5 3. Nf3 Nd7 4. Nc3 Ngf6 5. Bc4 exd4 6. Nxd4 Nb6 7. Be2 Be7 8. O-O O-O 9. Bf4 c6 10. Qd2 d5
11. e5 Nfd7 12. a4 a5 13. Bg3 Bb4 14. f4 Nc5 15. f5 f6 16. Bh4 Ncxa4 17. exf6 gxf6 18. Rf3 Nxb2 19. Qh6 Bd6 20. Ne6 Bxe6
21. fxe6 Qe7 22. Bxf6 Rxf6 23. Rxf6 Qg7 24. Qxg7+ Kxg7 25. Rf7+ Kg8 26. Rxb7 Be5 27. Nd1 N2c4 28. c3 Nc8 29. Bxc4 Nd6 30. Rb6 Nxc4
31. Rxc6 Kf8 32. Kf2 Ke7 33. Ne3 Nxe3 34. Kxe3 Bd6
0-1

[Event "2015 Standard Chess Dropout Tournament, Round 2"]
[Site "SchemingMind.com"]
[Date "2015.03.13"]
[Round "2"]
[White "palberto63"]
[Black "Joe P"]
[Result "1-0"]
[WhiteCountry "CUB"]
[BlackCountry "AUS"]
[WhiteElo "2305"]
[WhiteRD "74"]
[BlackElo "1779"]
[BlackRD "90"]
[GameID "376565"]

1. d4 c5 2. d5 e6 3. c4 d6 4. Nc3 g6 5. e4 Bg7 6. Bd3 Ne7 7. Nf3 O-O 8. O-O exd5 9. exd5 Bg4 10. Bf4 a6
11. h3 Bxf3 12. Qxf3 Nd7 13. Bxd6 Re8 14. Rae1 Qb6 15. Rxe7 Qxd6 16. Qxf7+
1-0